Tendencias de la agricultura centroamericana en los años ochenta /

में बचाया:
ग्रंथसूची विवरण
मुख्य लेखक: Baumeister, Eduardo
स्वरूप: मूलपाठ
टैग: टैग जोड़ें
कोई टैग नहीं, इस रिकॉर्ड को टैग करने वाले पहले व्यक्ति बनें!

MARC

LEADER 00000 a a2200000 04500
001 47556
003
040
100 |a Baumeister, Eduardo  
245 |a Tendencias de la agricultura centroamericana en los años ochenta /  |c Eduardo Baumeister  
773 |g número7, (1987), 75 páginas : tablas  
999 |c 29180  |d 29180